O hodnotách a kompetentnosti lídrov manažovať krízy

Vzťah medzi ekonomickou krízou a úlohou riadiacej sféry na všetkých úrovniach spoločnosti. Globalizácia a dôsledky konkurenčného boja prebiehajúcej finančnej a hospodárskej krízy. Zmena hodnôt a proces učenia. Kompetencie riadiacich pracovníkov a budúcich riadiacich pracovníkov.

Gespeichert in:
Bibliographische Detailangaben
1. Verfasser: Ulian, Jozef
Format: Buchkapitel
Sprache:Englisch
Schlagworte:
Tags: Tag hinzufügen
Keine Tags, Fügen Sie das erste Tag hinzu!

MARC

LEADER 00000naa$a2200000$$$4500
001 0104921
005 20221207081727.9
041 0 |a eng 
044 |a SK 
245 1 0 |a O hodnotách a kompetentnosti lídrov manažovať krízy  |c Jozef Ulian 
520 |a Vzťah medzi ekonomickou krízou a úlohou riadiacej sféry na všetkých úrovniach spoločnosti. Globalizácia a dôsledky konkurenčného boja prebiehajúcej finančnej a hospodárskej krízy. Zmena hodnôt a proces učenia. Kompetencie riadiacich pracovníkov a budúcich riadiacich pracovníkov. 
610 2 0 |a kríza hospodárska 
610 2 0 |a manažéri 
610 2 0 |a pracovníci riadiaci 
610 2 0 |a kompetencie 
610 2 0 |a zdroje ľudské 
610 2 0 |a spoločnosť globálna 
610 2 0 |a teória a prax 
100 1 |a Ulian, Jozef